000 00341nam a2200157Ia 4500
003 OSt
005 20231121062922.0
008 170524s9999 xx 000 0 und d
020 _a978-81-7446-690-7
040 _cIIMT
100 _aDEB TAPOMOY
100 _c2011
245 0 _aCOMPENSATION MANAGEMENT
260 _aEXCEL
942 _2ddc
_c02
999 _c2895
_d2895